Les puissances économiques mondiales - Statistiques

Statistiques générales
  • Ce quiz a été pris 473 fois
  • Le résultat moyen est 23 sur 34
Réponses sur la Carte
Les réponses sont colorées sur une échelle allant du rouge au vert en fonction du pourcentage des utilisateurs qui les ont devinées à leur premier essai. Vous pouvez retrouver ces pourcentages ci-dessous.
 
Statistiques - réponses
Réponse % Correct
Brésil
90%
Afrique du Sud
86%
Mexique
86%
Canada
83%
Chili
81%
Italie
78%
Allemagne
77%
Colombie
74%
Argentine
72%
France
72%
Japon
72%
Etats-unis
69%
Inde
68%
Turquie
68%
Australie
67%
Egypte
66%
Russie
66%
Taiwan
66%
Corée du sud
65%
Royaume Uni
65%
RP Chine
64%
Algérie
63%
Arabie Saoudite
62%
Indonésie
62%
Maroc
61%
Nigeria
61%
Ethiopie
59%
Israel
57%
Philippines
56%
Thaïlande
55%
Viet-Nam
52%
Malaisie
50%
Kenya
49%
Singapour
49%
Aucun quiz correspondant
Distribution des résultats
% des personnes avec chaque résultat
Percentile par nombre de réponses
Votre historique - résultats
Vous n’avez pas pris ce quiz